[Event "Titled Tue 17th Jun Early"]
[Site "chess.com INT"]
[Date "2025.06.17"]
[Round "9"]
[White "Diaz Guerrero, Jesus Daniel"]
[Black "Gavarrete, Nahun"]
[Result "1-0"]
[WhiteTitle "CM"]
[BlackTitle "FM"]
[WhiteElo "2076"]
[BlackElo "2281"]
[WhiteFideId "3979288"]
[BlackFideId "8400709"]
[EventDate "2025.06.17"]

1. e4 e5 2. Nf3 Nc6 3. Bc4 Be7 4. d3 Nf6 5. O-O O-O 6. Re1 d6 7. c3 Be6 8. Bxe6
fxe6 9. Nbd2 h6 10. Nf1 Qd7 11. Ng3 Rad8 12. d4 exd4 13. cxd4 d5 14. e5 Nh7 15.
Qd3 Nb4 16. Qg6 Kh8 17. Nh5 Rg8 18. a3 Nc6 19. Nf4 Nf8 20. Qh5 Qe8 21. Qh3 Qf7
22. Nd3 Re8 23. Bg5 Bxg5 24. Nxg5 Qg6 25. f4 Nxd4 26. Rad1 Nf5 27. g4 Ne7 28.
Nf2 Nh7 29. Nxh7 Kxh7 30. g5 Ref8 31. Nd3 Qf5 32. Qh4 Qg6 33. Kh1 Nf5 34. Qh3
Kh8 35. Rg1 Qh7 36. g6 h5 37. gxh7 Kxh7 38. Qxh5+ Nh6 39. Qg6+ Kh8 40. Nc5 Rf5
41. Nxe6 Rgf8 42. Qxg7# 1-0

[Event "Titled Tue 17th Jun Early"]
[Site "chess.com INT"]
[Date "2025.06.17"]
[Round "9"]
[White "Oro, Faustino"]
[Black "Seder, Mohammed"]
[Result "1-0"]
[WhiteTitle "IM"]
[BlackTitle "FM"]
[WhiteElo "2465"]
[BlackElo "2075"]
[WhiteFideId "20000197"]
[BlackFideId "11505567"]
[EventDate "2025.06.17"]

1. e4 e6 2. d4 c5 3. d5 exd5 4. exd5 d6 5. Nc3 Nf6 6. Nf3 Bg4 7. h3 Bh5 8. Bb5+
Nbd7 9. O-O a6 10. Be2 Be7 11. a4 O-O 12. Nd2 Bxe2 13. Qxe2 Nb6 14. Qf3 Nfd7 15.
a5 Ne5 16. Qe2 Nbd7 17. f4 Ng6 18. Nc4 Re8 19. Qd3 b5 20. axb6 Nxb6 21. Na5 Bf6
22. Ne4 Bd4+ 23. Kh2 Nxd5 24. Nc6 Qb6 25. Nxd4 cxd4 26. f5 Nb4 27. Qf3 Ne5 28.
Qg3 Nxc2 29. Bh6 Ng6 30. fxg6 hxg6 31. Qf4 Ra7 32. Nf6+ Kf8 33. Bxg7+ Kxg7 34.
Nxe8+ Kf8 35. Nf6 Kg7 36. Rac1 Ne3 37. Rf3 Nf5 38. Ng4 Qxb2 39. Rc8 Re7 40. Qg5
Re6 41. Rxf5 d3 42. Qh6# 1-0

[Event "Titled Tue 17th Jun Early"]
[Site "chess.com INT"]
[Date "2025.06.17"]
[Round "9"]
[White "Jacobsen, Mikkel Manosri"]
[Black "Cuenca Jimenez, Jose Fernando"]
[Result "0-1"]
[WhiteTitle "FM"]
[BlackTitle "GM"]
[WhiteElo "2223"]
[BlackElo "2487"]
[WhiteFideId "1444514"]
[BlackFideId "2255570"]
[EventDate "2025.06.17"]

1. d4 Nf6 2. Nf3 g6 3. Bf4 Bg7 4. c3 O-O 5. Nbd2 d6 6. e4 c5 7. dxc5 dxc5 8. h3
Nc6 9. Be2 b6 10. O-O h6 11. Re1 Be6 12. Qc2 Qc8 13. Rad1 Rd8 14. Nc4 Qb7 15.
Bf1 b5 16. Ne3 c4 17. Bh2 Na5 18. Nd4 Qxe4 19. Qxe4 Nxe4 20. Nxe6 fxe6 21. Be2
Rxd1 22. Rxd1 Nc5 23. Ng4 Nc6 24. Bf4 h5 25. Nh2 Rd8 26. Rb1 Nd3 27. Be3 Kh7 28.
Nf3 Bh6 29. Ng5+ Bxg5 30. Bxg5 Kg7 31. Bf3 Nce5 32. Be4 Kf7 33. Be3 a5 34. b3
Nd7 35. bxc4 bxc4 36. Rb5 Nf6 37. Bf3 Nd5 38. Bd4 a4 39. Ra5 a3 40. Rxa3 e5 41.
Ba7 Nf6 42. Bb6 Rb8 0-1

[Event "Titled Tue 17th Jun Early"]
[Site "chess.com INT"]
[Date "2025.06.17"]
[Round "9"]
[White "Dann, Matthias"]
[Black "Estrada Nieto, Julian"]
[Result "1/2-1/2"]
[WhiteTitle "IM"]
[BlackTitle "IM"]
[WhiteElo "2446"]
[BlackElo "2181"]
[WhiteFideId "24638056"]
[BlackFideId "5101018"]
[EventDate "2025.06.17"]

1. e4 e5 2. Nf3 Nc6 3. d4 exd4 4. c3 d5 5. exd5 Qxd5 6. cxd4 Bb4+ 7. Nc3 Bg4 8.
Be2 Bxf3 9. Bxf3 Qc4 10. Bxc6+ bxc6 11. Qe2+ Qxe2+ 12. Kxe2 Ne7 13. Na4 O-O 14.
Rd1 Rad8 15. Bf4 Bd6 16. Bxd6 cxd6 17. Rac1 Rfe8 18. Kf1 f6 19. g3 Kf7 20. Rc2
Ke6 21. Nc3 Kd7 22. d5 c5 23. Nb5 Rb8 24. a4 Rb7 25. Re2 Nc8 26. Rxe8 Kxe8 27.
Rd2 Kd7 28. Ke2 a6 29. Nc3 Rb4 30. a5 Na7 31. Kd1 Nb5 32. Kc2 Nxc3 33. bxc3 Ra4
34. c4 Rxa5 35. Kb2 Ra4 36. Kb3 Rb4+ 37. Kc3 Ra4 38. Kb3 Ra5 39. Ra2 Rxa2 40.
Kxa2 Kc7 41. Kb3 Kb6 42. Ka4 f5 43. f4 g6 44. h4 h6 45. Kb3 Ka5 46. Ka3 Kb6 47.
Ka4 a5 48. Kb3 Ka6 49. Ka4 h5 50. Kb3 Kb6 51. Ka4 Ka6 52. Kb3 Kb6 53. Ka4 Ka6 1/2-1/2

[Event "Titled Tue 17th Jun Early"]
[Site "chess.com INT"]
[Date "2025.06.17"]
[Round "9"]
[White "Cardozo Munar, Carlos Eduardo"]
[Black "Jasinski, Alexander"]
[Result "1/2-1/2"]
[WhiteTitle "FM"]
[WhiteElo "2052"]
[BlackElo "1989"]
[WhiteFideId "4409477"]
[BlackFideId "55627994"]
[EventDate "2025.06.17"]

1. e4 c5 2. Nf3 d6 3. d4 cxd4 4. Nxd4 Nf6 5. Nc3 Nc6 6. Nb3 g6 7. g3 Bg7 8. Bg2
O-O 9. O-O a6 10. Re1 e5 11. Nd2 Be6 12. Nf1 b5 13. Ne3 b4 14. Ncd5 Bxd5 15.
Nxd5 Nxd5 16. Qxd5 Nd4 17. Rd1 Nxc2 18. Rb1 Nd4 19. Be3 Rc8 20. Rd2 Qb6 21. Rbd1
Rc5 22. Bxd4 exd4 23. Qb3 Rfc8 24. h4 h5 25. Kh2 a5 26. f4 Qb5 27. Rf2 a4 28.
Qf3 Rc2 29. e5 Rxf2 30. Qxf2 dxe5 31. fxe5 Bxe5 32. Rf1 Rc7 33. Qd2 Kg7 34. Rf3
Qc5 35. b3 a3 36. Rd3 Qc2 37. Bd5 Qxd2+ 38. Rxd2 f5 39. Bc4 Kf6 40. Kg2 Ke7 41.
Kf3 Kd6 42. Re2 Re7 43. Re1 Bf6 44. Rxe7 Bxe7 45. Bf7 d3 46. Bxg6 f4 47. gxf4
Bxh4 48. Bxh5 d2 49. Ke2 Be1 50. f5 Ke5 51. Bg4 Kf6 52. Kd3 Kg5 53. Bd1 Kxf5 54.
Kc4 Kg5 55. Kxb4 Kf5 56. Kxa3 Ke4 57. Kb2 Kd4 58. Kc2 Ke3 59. a4 Kd4 60. a5 Kc5
61. Be2 Kc6 62. a6 Kb6 63. b4 Ka7 64. b5 Kb6 65. Kb3 Bh4 66. Kc4 Bg5 67. Bd1 Be3
68. Be2 Bg5 69. Bd1 Bh6 70. Be2 Bg5 1/2-1/2

[Event "Titled Tue 17th Jun Early"]
[Site "chess.com INT"]
[Date "2025.06.17"]
[Round "9"]
[White "Jimenez Fernandez, Rebeca"]
[Black "Mafra, Kaiser Luiz"]
[Result "1-0"]
[WhiteTitle "WFM"]
[BlackTitle "CM"]
[WhiteElo "2154"]
[BlackElo "2076"]
[WhiteFideId "32070934"]
[BlackFideId "2106698"]
[EventDate "2025.06.17"]

1. d4 Nf6 2. c4 g6 3. Nc3 Bg7 4. e4 d6 5. Be2 O-O 6. Be3 e5 7. d5 Na6 8. Qc2 Ng4
9. Bd2 f5 10. f3 Nf6 11. Be3 f4 12. Bf2 Qe8 13. a3 c5 14. dxc6 bxc6 15. O-O-O
Qe7 16. g3 Rb8 17. gxf4 exf4 18. Bd4 Nc5 19. b4 Ne6 20. Bf2 Rd8 21. h4 Nh5 22.
Nh3 Qf6 23. Rd3 Ba6 24. Nd1 d5 25. exd5 cxd5 26. Rxd5 Rxd5 27. cxd5 Rc8 28. Bc5
Ng3 29. Re1 Nd4 30. Bxa6 Nxc2 31. Kxc2 Qf5+ 32. Kb3 Qxd5+ 33. Bc4 Qxc4+ 34. Kxc4
h6 35. Nxf4 g5 36. hxg5 hxg5 37. Ne6 Bf6 38. Rg1 Ne2 39. Rg2 Nc1 40. Nxg5 Kh8
41. Ne4 Be7 42. Ne3 a5 43. Nf5 Bf8 44. Nf6 axb4 45. Rg8# 1-0

[Event "Titled Tue 17th Jun Early"]
[Site "chess.com INT"]
[Date "2025.06.17"]
[Round "9"]
[White "Stefanov, Plamen"]
[Black "Yao, Hanchi"]
[Result "1/2-1/2"]
[WhiteElo "1982"]
[BlackElo "2129"]
[WhiteFideId "2900980"]
[BlackFideId "30957397"]
[EventDate "2025.06.17"]

1. e4 c5 2. Nf3 d6 3. Bb5+ Bd7 4. Bxd7+ Qxd7 5. c4 Nf6 6. Nc3 g6 7. d4 cxd4 8.
Nxd4 Bg7 9. Be3 O-O 10. Rc1 Rc8 11. b3 Nc6 12. f3 a6 13. a4 b5 14. axb5 axb5 15.
Ndxb5 Nb4 16. O-O Ne8 17. Nd4 Nc7 18. Na4 Rcb8 19. Qd2 Nc6 20. Nxc6 Qxc6 21. Qc2
Ne6 22. Kh1 Bd4 23. Qd3 Bxe3 24. Qxe3 Rb4 25. c5 dxc5 26. Nxc5 Qb6 27. Qg1 Nxc5
28. Qxc5 Qxc5 29. Rxc5 Rxb3 30. Rc7 e6 31. f4 Ra4 32. f5 gxf5 33. exf5 Rf4 34.
Kg1 Rxf1+ 35. Kxf1 exf5 36. Kf2 Kg7 37. Rc6 f6 38. h3 Kg6 39. Rc8 Kg5 40. Rg8+
Kf4 41. g3+ Ke4 42. Re8+ Kd5 43. Re7 Rb2+ 44. Kf3 Rb3+ 45. Kf4 Rb4+ 46. Kxf5 Rb3
47. Rxh7 Rxg3 48. Kxf6 Rf3+ 49. Kg5 Ke6 50. h4 Rf1 51. h5 Rg1+ 52. Kh6 Kf6 53.
Ra7 Rg8 54. Ra6+ Kf7 55. Ra7+ Kf6 56. Ra6+ Kf7 57. Ra7+ Kf6 1/2-1/2

[Event "Titled Tue 17th Jun Early"]
[Site "chess.com INT"]
[Date "2025.06.17"]
[Round "9"]
[White "Piesik, Piotr"]
[Black "Toktomushev, Teimur"]
[Result "1-0"]
[WhiteTitle "IM"]
[BlackTitle "FM"]
[WhiteElo "2436"]
[BlackElo "2390"]
[WhiteFideId "1136194"]
[BlackFideId "14176726"]
[EventDate "2025.06.17"]

1. Nf3 d5 2. g3 Nf6 3. Bg2 e6 4. O-O Be7 5. d3 O-O 6. Nbd2 c5 7. e4 Nc6 8. Re1
Qc7 9. Qe2 b5 10. e5 Nd7 11. Nf1 a5 12. Bf4 Ba6 13. Ne3 Nb6 14. h4 Rfc8 15. h5
h6 16. Ng4 Bf8 17. Qd2 Kh7 18. Ngh2 b4 19. g4 c4 20. g5 Ne7 21. gxh6 gxh6 22.
Ng4 Nf5 23. Nf6+ Kh8 24. Bh3 c3 25. bxc3 Qxc3 26. Bxf5 Qxd2 27. Bxd2 exf5 28.
Nd4 Bg7 29. Rac1 Bxf6 30. exf6 Rg8+ 31. Kh2 Rg4 32. Nxf5 Rag8 33. Rg1 Bc8 34.
Rxg4 Rxg4 35. Nxh6 Rh4+ 36. Kg3 Rh3+ 37. Kf4 Be6 38. Be3 Nd7 39. Kg5 Nf8 40. Rg1
Nh7+ 41. Kf4 Nxf6 42. Bd4 Kh7 43. Nf5 Nxh5+ 44. Ke5 Bxf5 45. Kxf5 Kh6 46. Ke5
Rf3 47. Kxd5 Nf4+ 48. Ke4 1-0

[Event "Titled Tue 17th Jun Early"]
[Site "chess.com INT"]
[Date "2025.06.17"]
[Round "9"]
[White "Villa, Ma. Elayza"]
[Black "Dumanuly, Sultanbeibarys"]
[Result "0-1"]
[BlackTitle "FM"]
[WhiteElo "1819"]
[BlackElo "2212"]
[WhiteFideId "5224292"]
[BlackFideId "13731963"]
[EventDate "2025.06.17"]

1. d4 g6 2. Nf3 Bg7 3. Bf4 d6 4. Nc3 Nd7 5. Qd2 c6 6. e4 b5 7. a3 Bb7 8. Be2
Ngf6 9. h3 O-O 10. Bh6 a5 11. O-O b4 12. Nd1 Nxe4 13. Qe3 c5 14. Bxg7 Kxg7 15.
c3 Ndf6 16. Bd3 Re8 17. Bb5 Nd5 18. Qxe4 Nxc3 19. Qxb7 Rb8 20. Qd7 Nxb5 21. Qxd8
Rexd8 22. dxc5 dxc5 23. Ne3 Nd4 24. Nxd4 cxd4 25. Nc4 b3 26. Rfd1 a4 27. Kf1 f6
28. Na5 Rb6 29. Rac1 e5 30. Rc7+ Kh6 31. f3 Re6 32. Nb7 Rdd6 33. Nc5 Re8 34. Ne4
Rb6 35. Rdc1 f5 36. Nc5 e4 37. fxe4 fxe4 38. Re1 Rf6+ 39. Ke2 e3 40. Kd3 Rf2 41.
Ne4 Rxb2 42. Rf1 Rxe4 43. Kxe4 Rf2 44. Rxf2 exf2 45. Rf7 b2 46. g4 b1=Q+ 0-1

[Event "Titled Tue 17th Jun Early"]
[Site "chess.com INT"]
[Date "2025.06.17"]
[Round "9"]
[White "Kovalenko, Igor"]
[Black "Xiong, Jeffery"]
[Result "0-1"]
[WhiteTitle "GM"]
[BlackTitle "GM"]
[WhiteElo "2676"]
[BlackElo "2639"]
[WhiteFideId "14117908"]
[BlackFideId "2047640"]
[EventDate "2025.06.17"]

1. d4 d5 2. Nf3 c5 3. e3 e6 4. b3 Nf6 5. Bd3 Bd6 6. O-O O-O 7. Bb2 b6 8. Nbd2
cxd4 9. exd4 Ba6 10. c4 Nc6 11. Rc1 Rc8 12. Qe2 Nb4 13. Bb1 dxc4 14. bxc4 Bf4
15. g3 Bxd2 16. Nxd2 Nc6 17. Nb3 Re8 18. Rfd1 Qe7 19. Qf3 Bb7 20. d5 exd5 21.
cxd5 Ne5 22. Qf5 Rxc1 23. Rxc1 Bxd5 24. Nd2 g6 25. Qf4 Qe6 26. f3 Ned7 27. Ne4
Nxe4 28. fxe4 Bxa2 29. Rc6 Qxc6 30. Bxa2 Ne5 31. Bxe5 Qc5+ 32. Kf1 Qxe5 33.
Bxf7+ Kf8 34. Bxe8+ Qxf4+ 35. gxf4 Kxe8 36. Ke2 a5 37. Kd3 a4 38. Kc4 b5+ 39.
Kb4 Kd7 40. h4 Kd6 41. e5+ Kd5 42. Kc3 h6 43. Kb4 Ke6 44. Kc3 a3 45. Kb3 b4 46.
Ka2 g5 47. fxg5 hxg5 48. hxg5 Kxe5 0-1

[Event "Titled Tue 17th Jun Early"]
[Site "chess.com INT"]
[Date "2025.06.17"]
[Round "9"]
[White "Kapra, Jerjis"]
[Black "Kholyavko, Mariya"]
[Result "1-0"]
[BlackTitle "WFM"]
[WhiteElo "2055"]
[BlackElo "2175"]
[WhiteFideId "2640341"]
[BlackFideId "13748505"]
[EventDate "2025.06.17"]

1. e4 g6 2. d4 Bg7 3. Nc3 b6 4. Be3 Bb7 5. Qd2 e6 6. h4 h6 7. O-O-O Ne7 8. h5 g5
9. f4 gxf4 10. Bxf4 a6 11. g4 d5 12. e5 c5 13. Nf3 Nbc6 14. dxc5 bxc5 15. Na4 c4
16. g5 Nf5 17. Bh3 Nce7 18. Bxf5 Nxf5 19. gxh6 Bxh6 20. Nd4 Nxd4 21. Qxd4 Bxf4+
22. Qxf4 Bc6 23. Nc3 Qb6 24. Qf6 Rh7 25. Rhg1 Kd7 26. Rg7 Rxg7 27. Qxg7 Kc7 28.
Qxf7+ Bd7 29. Rxd5 Qe3+ 30. Rd2 Qe1+ 31. Rd1 Qe3+ 32. Kb1 Rd8 33. Qe7 Kc8 34. h6
Qxh6 35. Qc5+ Kb8 36. Qb4+ Kc8 37. Qxc4+ Kb7 38. Qb4+ Kc8 39. Ne4 Qe3 40. Nd6+
Kc7 41. a4 Bc6 42. Rd3 1-0

[Event "Titled Tue 17th Jun Early"]
[Site "chess.com INT"]
[Date "2025.06.17"]
[Round "9"]
[White "Zhukovskyi, Oleksandr"]
[Black "Roebers, Jan"]
[Result "1-0"]
[WhiteTitle "CM"]
[BlackTitle "FM"]
[WhiteElo "2145"]
[BlackElo "2056"]
[WhiteFideId "14169371"]
[BlackFideId "1007815"]
[EventDate "2025.06.17"]

1. b3 e5 2. Bb2 Nc6 3. c4 g6 4. Nf3 Bg7 5. g3 d6 6. Bg2 f5 7. O-O Nf6 8. d3 O-O
9. Nbd2 h6 10. Re1 Be6 11. e4 f4 12. d4 Bg4 13. h3 Bh5 14. g4 Nxg4 15. hxg4 Bxg4
16. d5 Nb4 17. Nf1 g5 18. Qd2 Na6 19. b4 Bh5 20. N3h2 g4 21. f3 g3 22. Ng4 Bxg4
23. fxg4 f3 24. Nxg3 f2+ 25. Kh2 Qh4+ 26. Bh3 fxe1=Q 27. Rxe1 Rf3 28. Rg1 Raf8
29. Rg2 Qg5 30. Qe1 Qf4 31. Bc1 Qf7 32. Nf5 Nb8 33. g5 Kh8 34. gxh6 Bf6 35. Bg4
Rd3 36. Qe2 Rd4 37. Bh5 Qh7 38. Bg6 Qd7 39. Qf3 Be7 40. Be3 Rxc4 41. h7 Rxb4 42.
Bh6 1-0

[Event "Titled Tue 17th Jun Early"]
[Site "chess.com INT"]
[Date "2025.06.17"]
[Round "9"]
[White "Grandelius, Nils"]
[Black "Gholami Orimi, Mahdi"]
[Result "0-1"]
[WhiteTitle "GM"]
[BlackTitle "GM"]
[WhiteElo "2643"]
[BlackElo "2511"]
[WhiteFideId "1710400"]
[BlackFideId "12558486"]
[EventDate "2025.06.17"]

1. d4 Nf6 2. c4 e6 3. Nc3 Bb4 4. Qc2 O-O 5. a3 Bxc3+ 6. Qxc3 d5 7. cxd5 exd5 8.
Bf4 c6 9. e3 Bf5 10. f3 Re8 11. Ne2 Nbd7 12. g4 Bg6 13. Bg2 Rc8 14. O-O c5 15.
dxc5 Nxc5 16. Nd4 Nd3 17. Qd2 Qb6 18. b3 Nxf4 19. exf4 Rc2 20. Qb4 Ree2 21. Bh1
Qc7 22. Nxe2 Rxe2 23. Rac1 Bc2 24. Rf2 a5 25. Qd4 Qe7 26. Rxe2 Qxe2 27. Qc5 Bxb3
28. Qc3 Qb5 29. Qc8+ Ne8 30. Re1 Kf8 31. Bg2 Ba4 32. Qd8 Qc5+ 33. Kh1 b6 34. f5
f6 35. g5 d4 36. gxf6 gxf6 37. h3 Bc6 38. Rd1 Qxf5 39. Qxd4 Bxf3 0-1

[Event "Titled Tue 17th Jun Early"]
[Site "chess.com INT"]
[Date "2025.06.17"]
[Round "9"]
[White "Rosenbecker, Daniel"]
[Black "Shokirjonova, Barchinoy"]
[Result "0-1"]
[WhiteTitle "CM"]
[BlackTitle "WFM"]
[WhiteElo "2109"]
[BlackElo "2010"]
[WhiteFideId "1718959"]
[BlackFideId "14212307"]
[EventDate "2025.06.17"]

1. b3 e5 2. Bb2 Nc6 3. e3 g6 4. Nf3 Bg7 5. Be2 Nge7 6. d4 exd4 7. Nxd4 O-O 8.
Nxc6 dxc6 9. Bxg7 Kxg7 10. Qc1 Qd5 11. Qb2+ f6 12. O-O Bf5 13. c4 Qe6 14. Nd2 c5
15. Rad1 Nc6 16. Bf3 Bg4 17. h3 Bxf3 18. Nxf3 Rad8 19. Qc2 Nb4 20. Qe2 Qe4 21.
a3 Nc2 22. Nd2 Qd3 23. Qf3 f5 24. Qxb7 Nxe3 25. fxe3 Qxe3+ 26. Kh1 Rxd2 27. Rxd2
Qxd2 28. Qxc7+ Rf7 29. Qxc5 Rd7 30. Rf3 Qe1+ 31. Kh2 Rd1 32. Qe3 Qh1+ 33. Kg3
Re1 34. Qxa7+ Kh6 35. Qd4 Re4 36. Qd2+ Kg7 37. Qd7+ Kh6 38. Qd2+ Kh5 39. Rd3 f4+
40. Kf3 Qf1+ 41. Qf2 Qxd3+ 0-1

[Event "Titled Tue 17th Jun Early"]
[Site "chess.com INT"]
[Date "2025.06.17"]
[Round "9"]
[White "El Jawich, Amro"]
[Black "Mayaud, Raphael"]
[Result "1-0"]
[WhiteTitle "FM"]
[BlackTitle "CM"]
[WhiteElo "2307"]
[BlackElo "2126"]
[WhiteFideId "5300380"]
[BlackFideId "627151"]
[EventDate "2025.06.17"]

1. g3 d5 2. Bg2 Nf6 3. Nf3 c6 4. O-O Bf5 5. d3 e6 6. Nfd2 Be7 7. e4 Bg6 8. Nc3
O-O 9. Qe2 Na6 10. Kh1 Nb4 11. Nb3 d4 12. Nd1 a5 13. a3 a4 14. Nxd4 Qxd4 15.
axb4 Qxb4 16. Bd2 Qb6 17. f4 Bh5 18. Bf3 Bxf3+ 19. Qxf3 a3 20. bxa3 Rxa3 21.
Rxa3 Bxa3 22. g4 Nd7 23. g5 Bb4 24. Bc1 Qc5 25. Rf2 Ra8 26. Be3 Qd6 27. Kg2 Ra1
28. h4 Bc5 29. Rf1 Bxe3 30. Nxe3 Rxf1 31. Kxf1 Qc5 32. Ke2 Nb6 33. Qf1 Na4 34.
Qa1 b5 35. Qe5 Qxe5 36. fxe5 Kf8 37. Ng4 Ke7 38. h5 g6 39. h6 Nc5 40. Nf6 Nd7
41. d4 c5 42. c3 b4 43. Nxd7 Kxd7 44. cxb4 cxb4 45. Kd3 Kc6 46. Kc4 b3 47. Kxb3
Kb5 48. Kc3 Ka4 49. Kc4 Ka5 50. Kc5 Ka6 51. Kc6 Ka5 52. d5 Kb4 53. d6 Kc4 54. d7
Kd4 55. d8=Q+ Kxe4 56. Qf6 1-0

[Event "Titled Tue 17th Jun Early"]
[Site "chess.com INT"]
[Date "2025.06.17"]
[Round "9"]
[White "Reshetnikov, Alexey"]
[Black "Asish Panda"]
[Result "1-0"]
[WhiteTitle "IM"]
[WhiteElo "2492"]
[BlackElo "1911"]
[WhiteFideId "4162080"]
[BlackFideId "45012458"]
[EventDate "2025.06.17"]

1. d4 d5 2. c4 e6 3. Nc3 Nf6 4. Bg5 Be7 5. e3 O-O 6. Nf3 h6 7. Bh4 Ne4 8. Bxe7
Qxe7 9. cxd5 Nxc3 10. bxc3 exd5 11. Qb3 c6 12. a4 f5 13. Ne5 f4 14. Ng6 Qe8 15.
Nxf8 fxe3 16. Qd1 exf2+ 17. Kxf2 Qxf8+ 18. Qf3 Qd6 19. Bd3 Be6 20. Rhe1 Nd7 21.
Kg1 Nf6 22. a5 Rf8 23. Qe3 Bc8 24. Qe5 Qd7 25. h3 Re8 26. Qb8 Rf8 27. Re3 Qd8
28. Qxa7 Nh5 29. Qb8 Nf4 30. Qe5 Bd7 31. Rf1 Ne6 32. Rxf8+ Nxf8 33. a6 bxa6 34.
Bxa6 Qa5 35. Bd3 Qa1+ 36. Kh2 Qd1 37. Rg3 g5 38. Rf3 Qa1 39. Rxf8+ Kxf8 40. Qf6+
Kg8 41. Qd8+ Kf7 42. Qxd7+ Kf6 43. Qxc6+ Ke7 44. Qc7+ Kf6 45. Qe5+ Kf7 46. Qxd5+
Ke7 47. Qc5+ Kd7 48. Bf5+ Kd8 49. Qd6+ Ke8 50. Bg6# 1-0

[Event "Titled Tue 17th Jun Early"]
[Site "chess.com INT"]
[Date "2025.06.17"]
[Round "9"]
[White "Mateus, Martha"]
[Black "Ristic, Nebojsa M"]
[Result "0-1"]
[WhiteTitle "WIM"]
[BlackTitle "IM"]
[WhiteElo "1972"]
[BlackElo "2248"]
[WhiteFideId "4401549"]
[BlackFideId "900850"]
[EventDate "2025.06.17"]

1. d4 Nf6 2. c4 g6 3. Nc3 Bg7 4. e4 d6 5. Nf3 O-O 6. Be2 e5 7. Be3 Nc6 8. d5 Ne7
9. Nd2 Ne8 10. g4 f5 11. f3 Kh8 12. h4 c5 13. g5 Kg8 14. h5 a6 15. a4 Rb8 16.
Qc2 Nc7 17. Bd3 Bd7 18. b3 b5 19. a5 f4 20. Bf2 gxh5 21. Rxh5 Be8 22. Rh2 Ng6
23. Ke2 Qxg5 24. Rg1 Qf6 25. Rgh1 h6 26. Rg2 Kh7 27. Nf1 Rg8 28. Nh2 Bd7 29. Nd1
Bf8 30. Be1 Ne7 31. Rxg8 Nxg8 32. Nf2 Qg6 33. Nhg4 Nf6 34. Rg1 Nh5 35. Nh3 Qf7
36. Bh4 Be7 37. Bf2 Rg8 38. Qd1 Bxg4 39. Rxg4 Rxg4 40. fxg4 f3+ 41. Kf1 Ng7 42.
g5 hxg5 43. Be3 Qh5 44. Nf2 g4 45. Ke1 g3 46. Kd2 gxf2 47. Qf1 Bg5 48. Qxf2
Bxe3+ 49. Kxe3 Qg5+ 50. Kxf3 Qf4+ 51. Ke2 Qxf2+ 52. Kxf2 bxc4 53. Bxc4 Kg6 54.
Ke3 Kg5 55. Be2 Nh5 0-1

[Event "Titled Tue 17th Jun Early"]
[Site "chess.com INT"]
[Date "2025.06.17"]
[Round "9"]
[White "Nayak, Rajesh"]
[Black "Tuguldur, Soninbayar"]
[Result "0-1"]
[WhiteTitle "FM"]
[BlackTitle "CM"]
[WhiteElo "2262"]
[BlackElo "2120"]
[WhiteFideId "35017152"]
[BlackFideId "4921224"]
[EventDate "2025.06.17"]

1. e4 e6 2. d4 d5 3. Nc3 Nf6 4. e5 Nfd7 5. f4 c5 6. Nf3 Nc6 7. Be3 a6 8. Qd2 b5
9. Ne2 Qb6 10. dxc5 Bxc5 11. Ned4 b4 12. Be2 a5 13. O-O Ba6 14. Bxa6 Qxa6 15.
Nxc6 Qxc6 16. Bxc5 Nxc5 17. Nd4 Qb6 18. Kh1 Ne4 19. Qe3 g6 20. a3 O-O 21. a4
Rac8 22. Rad1 Rc4 23. b3 Rc3 24. Qe1 Rfc8 25. Qh4 Rxc2 26. Nxc2 Rxc2 27. h3 Nf2+
28. Rxf2 Rxf2 29. Rc1 h5 30. Kh2 Qe3 31. Rc8+ Kh7 32. Ra8 Qxf4+ 33. Qxf4 Rxf4
34. Rxa5 d4 35. Ra7 Kg7 36. Rd7 Re4 37. Kg1 Kf8 38. Kf2 Ke8 39. Rd6 Ke7 40. h4
f6 0-1

[Event "Titled Tue 17th Jun Early"]
[Site "chess.com INT"]
[Date "2025.06.17"]
[Round "9"]
[White "Smirnov, Mark"]
[Black "Shimanov, Aleksandr"]
[Result "0-1"]
[WhiteTitle "FM"]
[BlackTitle "GM"]
[WhiteElo "2352"]
[BlackElo "2578"]
[WhiteFideId "13764594"]
[BlackFideId "4198603"]
[EventDate "2025.06.17"]

1. e4 c6 2. d4 d5 3. Nc3 dxe4 4. Nxe4 Bf5 5. Ng3 Bg6 6. h4 h6 7. Nf3 Nd7 8. Bd3
Bxd3 9. Qxd3 e6 10. Bf4 Bb4+ 11. c3 Be7 12. Nh5 g6 13. Ng3 Ngf6 14. O-O-O Qa5
15. Kb1 O-O-O 16. Rhe1 Ng4 17. Qc2 g5 18. hxg5 hxg5 19. Bc1 Rhg8 20. Ne4 Kb8 21.
Nfd2 Ngf6 22. Nxf6 Nxf6 23. Nc4 Qc7 24. Re3 Nd5 25. Rf3 Rdf8 26. Qh7 Bd8 27. g3
g4 28. Rfd3 f5 29. Qh6 Rf6 30. Qh1 Qg7 31. Re1 Bc7 32. Rd2 Qg6 33. Rde2 f4+ 34.
Qe4 fxg3 35. fxg3 Bxg3 36. Qxg6 Rgxg6 37. Rg1 Bf2 38. Rg2 g3 39. Ne5 Rg7 40. Kc2
Kc8 41. Bd2 Ne7 42. Nd3 Rgf7 43. Ne5 Rf8 44. Ng4 R6f7 45. Rxe6 Rg7 46. Ne5 Nf5
47. Ng6 Rfg8 48. Nf4 Nh4 0-1

[Event "Titled Tue 17th Jun Early"]
[Site "chess.com INT"]
[Date "2025.06.17"]
[Round "9"]
[White "Nezamyatin, Ruslan"]
[Black "Dominguez, Ramiro"]
[Result "1-0"]
[WhiteTitle "CM"]
[BlackTitle "FM"]
[WhiteElo "2070"]
[BlackElo "2210"]
[WhiteFideId "24153451"]
[BlackFideId "4420055"]
[EventDate "2025.06.17"]

1. d4 Nf6 2. c4 e6 3. Nf3 d5 4. Nc3 Bb4 5. e3 O-O 6. a3 Bxc3+ 7. bxc3 b6 8. cxd5
exd5 9. Bd3 Bb7 10. O-O Nbd7 11. c4 Re8 12. cxd5 Bxd5 13. a4 Ne4 14. a5 c5 15.
Ba3 c4 16. Bc2 b5 17. Bb4 a6 18. Nd2 Ndf6 19. f3 Nxd2 20. Qxd2 Bb7 21. e4 Qd7
22. Rad1 Rad8 23. d5 Nh5 24. Qg5 g6 25. Bc3 Qe7 26. Qh6 Qf8 27. Qg5 Qe7 28. Qd2
Qh4 29. Qd4 f6 30. g4 Nf4 31. Qxf6 Ne2+ 32. Kg2 Qxf6 33. Bxf6 Rd6 34. g5 b4 35.
Ba4 Rc8 36. Be7 Rd7 37. Bxb4 c3 38. Bxd7 Rc4 39. Be6+ Kg7 40. Ba3 c2 41. Rde1
Nf4+ 42. Kg3 Nd3 43. Re3 c1=Q 44. Bxc1 Nxc1 45. d6 Bc6 46. Bxc4 Ne2+ 47. Bxe2
Kf7 48. Bxa6 Ke6 49. Rd3 1-0

[Event "Titled Tue 17th Jun Early"]
[Site "chess.com INT"]
[Date "2025.06.17"]
[Round "9"]
[White "Burmakin, Evgeniy"]
[Black "Kiseleva, Arina"]
[Result "1-0"]
[WhiteTitle "FM"]
[BlackTitle "WCM"]
[WhiteElo "2110"]
[BlackElo "1994"]
[WhiteFideId "4163729"]
[BlackFideId "4164989"]
[EventDate "2025.06.17"]

1. e4 c6 2. Nc3 d5 3. Nf3 dxe4 4. Nxe4 Nf6 5. Qe2 Nxe4 6. Qxe4 Qd5 7. Qf4 Qf5 8.
Qe3 Qe6 9. b3 Qxe3+ 10. fxe3 Bf5 11. Nd4 Bg6 12. Bb2 Nd7 13. O-O-O O-O-O 14. Be2
e5 15. Nf3 f6 16. g4 h6 17. h4 Bb4 18. g5 hxg5 19. hxg5 Nb6 20. gxf6 gxf6 21. a3
Be7 22. a4 Nd5 23. Nxe5 Rxh1 24. Nxg6 Rxd1+ 25. Bxd1 Bb4 26. c3 Bc5 27. e4 Ne7
28. Nf4 Bd6 29. Ne6 Rg8 30. d4 Rg1 31. c4 Ng6 32. Bc3 Nf4 33. Kc2 Nxe6 34. e5
Rg2+ 35. Kd3 fxe5 36. dxe5 Nc5+ 37. Ke3 Rg3+ 38. Bf3 Be7 39. Kf4 Rg1 40. Bg4+
Kd8 41. a5 Rf1+ 42. Ke3 Nxb3 43. e6 Bc5+ 44. Ke2 Rf4 45. Bf3 1-0